ASTRONOMICAL PUBLICATION OF VEDIC MATHEMATICS (Record no. 32089)

MARC details
000 -LEADER
fixed length control field 00419nam a22001697a 4500
003 - CONTROL NUMBER IDENTIFIER
control field SGT
020 ## - INTERNATIONAL STANDARD BOOK NUMBER
International Standard Book Number 8120819594
082 ## - DEWEY DECIMAL CLASSIFICATION NUMBER
Classification number 615
Item number A03W
100 ## - MAIN ENTRY--PERSONAL NAME
Personal name WILLIAMS, KENNETH
245 ## - TITLE STATEMENT
Title ASTRONOMICAL PUBLICATION OF VEDIC MATHEMATICS
250 ## - EDITION STATEMENT
Edition statement 1ST
260 ## - PUBLICATION, DISTRIBUTION, ETC. (IMPRINT)
Place of publication, distribution, etc DELHI
Name of publisher, distributor, etc MOTILAL BANARSIDAS PUB.
Year of Publication 2003
300 ## - PAGE DESCRIPTION
No. of Pages 140
650 ## - SUBJECT ADDED ENTRY--TOPICAL TERM
Topical term or geographic name as entry element AYURVEDA
653 ## - KEYWORDS--INDEX TERM
Keyword term ASTRONOMICAL , VEDIC , MATHEMATICS
942 ## - ADDED ENTRY ELEMENTS (KOHA)
Source of classification or shelving scheme Dewey Decimal Classification
Koha item type Gifted Books
Holdings
Withdrawn status Lost status Source of classification or shelving scheme Damaged status Use restrictions Not for loan Collection code Home library Current library Shelving location Date acquired Cost, normal purchase price SGTU Total Checkouts Full call number Accession No. (Barcode) Date last seen Bill Date Koha item type
    Dewey Decimal Classification   Restricted Access   AYURVEDA SGT FA-FP Library SGT FA-FP Library On Display 12/07/2025 295.00 SGTU   615 A03W FA12724G 12/07/2025 12/07/2025 Books